000 00590cam a2200193 a 4500
005 20131029065005.0
008 970923s1989 au a f000 0 eng
041 1 _aeng
080 _8328
_x(436)
130 0 _aÖsterreichische Parlament.
_lEnglish.
245 1 4 _aThe Austrian Parliament.
260 _aVienna :
_bParliamentary Administration,
_c1989.
300 _a58 p. :
_bill. (some col.) ;
_c20 cm.
500 _aErrata slip inserted.
610 1 0 _aAustria
_bParlamenti
650 0 _aHistoria konstitucionale
_zAustria
710 1 _aAustria.
_bParlamentsdirektion.
942 _2udc
_cBK
999 _c197
_d197